| 000 | 00737nam a22001817a 4500 | ||
|---|---|---|---|
| 005 | 20260414120247.0 | ||
| 008 | 240814b ||||| |||| 00| 0 eng d | ||
| 082 |
_22023 _aUT |
||
| 100 |
_aDignadice, James Andrew R. _957603 |
||
| 245 |
_aAyemdi app : _ba mobile application for seafood hawkers and consumers / _cJames Andrew R. Dignadice, Steven Glenn N. Gabihan, and Arnulfo R. Sienes Jr. |
||
| 260 |
_aDigos City : _bUMDC, _c©May 2023. |
||
| 300 |
_aix, 54 pages : _c30 cm. _billustrations (some colors) ; |
||
| 500 | _aIncludes references and appendices. | ||
| 650 |
_aInformation Technology. _xUndergraduate Thesis. _957604 |
||
| 700 |
_aGabihan, Steven Glenn N. _957605 |
||
| 700 |
_aSienes, Arnulfo R. Jr. _957606 |
||
| 942 |
_2ddc _cUT |
||
| 999 |
_c20409 _d20409 |
||